000 00548nam a2200205Ia 4500
001 13195
003 GE_BSU
008 181216s||||||||xx |||||||||||||| ||und||
040 _cGE_BSU
080 _a631.1
245 _aАгротехника озимой пшеницы
245 _cРед.А.И.Григорьева
260 _aМосква
260 _bКолос
260 _c1967
300 _a400стр.20см.
300 _cБиблиогр.с.389-399
653 _aАгротехника озимой пшеницы
942 _cBK
999 _c46359
_d46359